Statistics for Pajjiżi tad-Dinja

Click here to take the quiz!

General Stats

  • This quiz has been taken 66 times
    (63 since last reset)
  • The average score is 73 of 196

Answers on the Map

Answers color-coded by a green-red scale on the quiz's map according to % correct below.
 

Answer Stats

Country% Correct
Malta
89%
Kanada
69%
Perù
66%
Arġentina
63%
Brażil
63%
Ħaiti
63%
Kuba
63%
Surinam
60%
Iran
57%
Mali
57%
Togo
57%
Ħonduras
54%
Iraq
54%
Italja
54%
Nepal
54%
Panama
54%
Sudan
54%
Afganistan
51%
Benin
51%
Ċina
51%
Indja
51%
Niġer
51%
Pakistan
51%
Repubblika Demokratika
tal-Kongo
51%
Repubblika tal-Kongo
51%
Spanja
51%
Turkmenistan
51%
Użbekistan
51%
Angola
49%
Baħamas
49%
Bolivja
49%
Dominika
49%
El Salvador
49%
Gujana
49%
Jemen
49%
Moldova
49%
Mongolja
49%
Namibja
49%
Oman
49%
Palau
49%
Russja
49%
Somalja
49%
Tonga
49%
Żimbabwe
49%
Armenja
46%
Beliże
46%
Belt tal-Vatikan
46%
Botswana
46%
Butan
46%
Ekwador
46%
Estonja
46%
Ġermanja
46%
Kiribati
46%
Laos
46%
Libja
46%
Madagaskar
46%
Malawi
46%
Monako
46%
Samoa
46%
San Marino
46%
Senegal
46%
Sirja
46%
Trinidad u Tobago
46%
Żambja
46%
Andorra
43%
Awstralja
43%
Barbados
43%
Burkina Faso
43%
Ċad
43%
Gambja
43%
Gana
43%
Kolombja
43%
Kosovo
43%
Kosta Rika
43%
Liechtenstein
43%
Mjanmar
43%
Nauru
43%
Niġerja
43%
Paragwaj
43%
Qatar
43%
Saint Kitts u Nevis
43%
Serbja
43%
Slovenja
43%
Sri Lanka
43%
Tuvalu
43%
Uganda
43%
Urugwaj
43%
Veneżwela
43%
Ċili
40%
Kenja
40%
Lesoto
40%
Nikaragwa
40%
São Tomé u Príncipe
40%
Antigwa u Barbuda
37%
Burundi
37%
Finlandja
37%
Gabon
37%
Grenada
37%
Gwatemala
37%
Indoneżja
37%
Kamerun
37%
Korea ta 'fuq
37%
Korea t'Isfel
37%
Maċedonja
37%
Marokk
37%
Montenegro
37%
Norveġja
37%
Polonja
37%
Singapor
37%
Vjetnam
37%
Afrika t'Isfel
34%
Greċja
34%
Latvja
34%
Litwanja
34%
Mawritanja
34%
Możambik
34%
New Zealand
34%
Rwanda
34%
Sudan t'Isfel
34%
Awstrija
31%
Belġju
31%
Bosnja-
Ħerzegovina
31%
Brunej
31%
Eritrea
31%
Ġamajka
31%
Irlanda
31%
Kambodja
31%
Komoros
31%
Liberja
31%
Malażja
31%
Maldive
31%
Portugall
31%
Seychelles
31%
Sierra Leone
31%
Sważiland
31%
Tajlandja
31%
Ukraina
31%
Vanwatu
31%
Alġerija
29%
Ażerbajġan
29%
Bulgarija
29%
Ċekja
29%
Danimarka
29%
Etjopja
29%
Fiġi
29%
Franza
29%
Ġeorġja
29%
Iżlanda
29%
Kuwajt
29%
Messiku
29%
Rumanija
29%
Stati Uniti
29%
Taġikistan
29%
Tajwan
29%
Tanżanija
29%
Timor-Leste
29%
Turkija
29%
Albanija
26%
Ġordan
26%
Iżrael
26%
Każakistan
26%
Renju Unit
26%
Tuneżija
26%
Baħrejn
23%
Cabo Verde
23%
Ċipru
23%
Eġittu
23%
Ġappun
23%
Kroazja
23%
Repubblika Dominikana
23%
Santa Luċija
23%
Slovakkja
23%
Żvezja
23%
Côte d'Ivoire
20%
Filippini
20%
Ginea
20%
Ginea Bissaw
20%
Kirġiżistan
20%
Lussemburgu
20%
Stati Federati
tal-Mikronesja
20%
Ungerija
20%
Żvizzera
20%
Ġibuti
17%
Ginea Ekwatorjali
14%
Gżejjer Marshall
14%
Gżejjer Solomon
14%
Mawrizju
14%
San Vinċenz u
l-Grenadini
14%
Bangladexx
11%
Bjelorussja
11%
Libanu
11%
Repubblika
Ċentru-Afrikana
11%
Emirati Għarab
Magħquda
9%
Pajjiżi l-Baxxi
9%
Papwa Ginea Ġdida
9%
Għarabja Sawdita
6%

Score Distribution

Percentile by Number Answered

Percent of People with Each Score

Your Score History

You have not taken this quiz since the last reset